LEADER 01251nam1-2200325---450- 001 990008195400403321 005 20111114111016.0 035 $a000819540 035 $aFED01000819540 035 $a(Aleph)000819540FED01 035 $a000819540 100 $a20050929d2003----km-y0itay50------ba 101 0 $aita 102 $aIT 105 $a--------101yy 200 1 $a<>Italia repubblicana nella crisi degli anni settanta$eatti del ciclo di convegni, Roma, novembre e dicembre 2001 210 $aSoveria Mannelli$cRubbettino$d2003 215 $a4 v.$d23 cm 300 $aIn testa al front.: Ministero per i beni e per le attivitŕ culturali. Direzione generale per i beni librari e gli istituti culturali, Comitato nazionale. Bilancio dell'esperienza repubblicana all'inizio del nuovo secolo 463 \1$1001990008195480403321$12001 $aSistema politico e istituzioni 610 0 $aItalia$aPolitica$a1970-1980 676 $a945.092 7 712 01$aItalia.$bDirezione generale per i beni librari e gli istituti culturali 801 0$aIT$bUNINA$gRICA$2UNIMARC 901 $aBK 912 $a990008195400403321 959 $aDECSE 959 $aDECTS 996 $aItalia repubblicana nella crisi degli anni settanta$9734459 997 $aUNINA LEADER 05152nam 2200805 450 001 9910814429703321 005 20220527163052.0 010 $a1-4008-4799-0 024 7 $a10.1515/9781400847990 035 $a(CKB)2550000001165390 035 $a(EBL)1489934 035 $a(OCoLC)864383076 035 $a(SSID)ssj0001139410 035 $a(PQKBManifestationID)11618103 035 $a(PQKBTitleCode)TC0001139410 035 $a(PQKBWorkID)11183591 035 $a(PQKB)11759782 035 $a(MiAaPQ)EBC1489934 035 $a(DE-B1597)459791 035 $a(OCoLC)979745874 035 $a(DE-B1597)9781400847990 035 $a(Au-PeEL)EBL1489934 035 $a(CaPaEBR)ebr10812405 035 $a(CaONFJC)MIL546667 035 $z(PPN)199247277 035 $a(PPN)187961891 035 $a(EXLCZ)992550000001165390 100 $a20131209h20142014 uy| 0 101 0 $aeng 135 $aurcnu|||||||| 181 $ctxt 182 $cc 183 $acr 200 04$aThe best writing on mathematics 2013 /$fMircea Pitici, editor ; foreword by Roger Penrose 205 $aCourse Book 210 1$aPrinceton :$cPrinceton University Press,$d[2014] 210 4$d©2014 215 $a1 online resource (273 p.) 225 0 $aThe Best Writing on Mathematics ;$v4 300 $aDescription based upon print version of record. 311 $a0-691-16041-4 311 $a1-306-15416-2 320 $aIncludes bibliographical references. 327 $tFront matter --$tContents --$tForeword /$rPenrose, Roger --$tIntroduction /$rPitici, Mircea --$tThe Prospects for Mathematics in a Multimedia Civilization /$rDavis, Philip J. --$tFearful Symmetry /$rStewart, Ian --$tE pluribus unum: From Complexity, Universality /$rTao, Terence --$tDegrees of Separation /$rGoth, Gregory --$tRandomness /$rSeife, Charles --$tRandomness in Music /$rKnuth, Donald E. --$tPlaying the Odds /$rJohnson, Soren --$tMachines of the Infinite /$rPavlus, John --$tBridges, String Art, and Bézier Curves /$rGross, Renan --$tSlicing a Cone for Art and Science /$rSilver, Daniel S. --$tHigh Fashion Meets Higher Mathematics /$rDelp, Kelly --$tThe Jordan Curve Theorem Is Nontrivial /$rRoss, Fiona / Ross, William T. --$tWhy Mathematics? What Mathematics? /$rSfard, Anna --$tMath Anxiety: Who Has It, Why It Develops, and How to Guard against It /$rMaloney, Erin A. / Beilock, Sian L. --$tHow Old Are the Platonic Solids? /$rLloyd, David R. --$tEarly Modern Mathematical Instruments /$rBennett, Jim --$tA Revolution in Mathematics? What Really Happened a Century Ago and Why It Matters Today /$rQuinn, Frank --$tErrors of Probability in Historical Context /$rGorroochurn, Prakash --$tThe End of Probability /$rAyache, Elie --$tAn abc Proof Too Tough Even for Mathematicians /$rHartnett, Kevin --$tContributors --$tNotable Texts --$tAcknowledgments --$tCredits 330 $aThis annual anthology brings together the year's finest mathematics writing from around the world. Featuring promising new voices alongside some of the foremost names in the field, The Best Writing on Mathematics 2013 makes available to a wide audience many articles not easily found anywhere else--and you don't need to be a mathematician to enjoy them. These writings offer surprising insights into the nature, meaning, and practice of mathematics today. They delve into the history, philosophy, teaching, and everyday occurrences of math, and take readers behind the scenes of today's hottest mathematical debates. Here Philip Davis offers a panoramic view of mathematics in contemporary society; Terence Tao discusses aspects of universal mathematical laws in complex systems; Ian Stewart explains how in mathematics everything arises out of nothing; Erin Maloney and Sian Beilock consider the mathematical anxiety experienced by many students and suggest effective remedies; Elie Ayache argues that exchange prices reached in open market transactions transcend the common notion of probability; and much, much more. In addition to presenting the year's most memorable writings on mathematics, this must-have anthology includes a foreword by esteemed mathematical physicist Roger Penrose and an introduction by the editor, Mircea Pitici. This book belongs on the shelf of anyone interested in where math has taken us--and where it is headed. 410 0$aBest Writing on Mathematics 606 $aMathematics 610 $a2020 Nobel Prize in physics. 610 $a2020 Nobel laureates in physics. 610 $a2020 Nobel laureates. 610 $aAlbert Einstein. 610 $aAndrea Ghez. 610 $aEinstein. 610 $aReinhard Genzel. 610 $aRoyal Swedish Academy of Sciences. 610 $aStockholm. 610 $ablack holes. 610 $ageneral relativity. 610 $ageneral theory of relativity. 610 $arelativity. 615 0$aMathematics. 676 $a510 701 $aPitici$b Mircea$01094984 801 0$bMiAaPQ 801 1$bMiAaPQ 801 2$bMiAaPQ 906 $aBOOK 912 $a9910814429703321 996 $aThe best writing on mathematics 2013$94005577 997 $aUNINA